000 00497nam a2200181Ia 4500
005 20250508161521.0
008 008 250505s9999 xx 000 0 eng d
037 _aTextual
040 _aFEDL
_beng
_cFEDL
041 _aeng
_2eng
084 _a352.054, GAN
_qFEDL
100 _aGandhi M.K.
_9218581
245 0 _aPanchayat raj
260 _aAhmedabad, India
_bNavjivan Prakashan Mandir
_c1959
300 _avi,41p
942 _cTEXL
_h352.054, GAN
999 _c1370470
_d1370470